Területi statisztikai évkönyv 1982

Na minha lista:
Detalhes bibliográficos
Formato: Livro
Idioma:húngaro
Publicado em: Budapest Statisztikai Kiadó Vállalat 1983
Assuntos:
Tags: Adicionar Tag
Sem tags, seja o primeiro a adicionar uma tag!

MARC

LEADER 00000nam a2200000 4500
001 c116607
005 20250207074744.3
041 0 |a hun 
044 |a HU 
245 1 0 |a Területi statisztikai évkönyv 1982 
264 1 |a Budapest  |b Statisztikai Kiadó Vállalat  |c 1983 
300 |a 212 s. 
610 2 0 |a Maďarsko 
610 2 0 |a štatistika regionálna